00842nas a2200229Ia 4500001001100000003000900011008004100020040001300061040001300074041001300087100004300100210001100143222001100154245007500165250001100240260002800251501008600279300001000365362003500375500016300410650003900573R702/49172IT-RoPAU151124c99999999xx |||||||||||| ||und|| aIT-RoPAU cIT-RoPAU aFRANCESE aLarreya PaulgCodice Aut. SPICS: 18694 aDEGRES aDegres aDEGRES, N.004 (OTTOBRE 1973)bEnonces Performatifs, Cause Et Reference a1a ed. aBRUXELLESbDEGRESc1973 bPaulus - SPICS - Società San Paolo EM (non-commercial uses only)cCopyright2015 a25 p. aANNO 001, N.004 (OTTOBRE 1973) aEnunciato Performativo Causa e Referenza. Nozione di Enunciato Performativo. Performativi Espliciti: Saggio di Costruzione di una Grammatica a Base Semantica. aSEMIOTICAvPUBBLICAZIONE PERIODICA